| 000 | 00664nam a2200205Ia 4500 | ||
|---|---|---|---|
| 020 | _a9698125065 | ||
| 082 |
_a958.1 _bMAT _cD |
||
| 100 |
_aKamal Matinuddin _99112 |
||
| 245 |
_aPower struggle in the Hindu Kush Afghanistan 1978-1991 _cKamal Matinuddin |
||
| 260 |
_aLahore: _bServices Book Club, _c1991 |
||
| 300 | _aix, 377p. : | ||
| 526 |
_a0 _b0 _c0 _d958_100000000000000_MAT |
||
| 526 |
_a0 _b0 _c0 _d958_100000000000000_MAT |
||
| 526 |
_a0 _b0 _c0 _d958_100000000000000_MAT |
||
| 526 |
_a0 _b0 _c0 _d958_100000000000000_MAT |
||
| 526 |
_a0 _b0 _c0 _d958_100000000000000_MAT |
||
| 526 |
_a0 _b0 _c0 _d958_100000000000000_MAT |
||
| 650 |
_aMCE _9379 |
||
| 942 |
_2ddc _cBK |
||
| 999 |
_c549867 _d549867 |
||